| 000 | 00517nam a2200193Ia 4500 | ||
|---|---|---|---|
| 005 | 20250508161658.0 | ||
| 008 | 008 250505s9999 xx 000 0 eng d | ||
| 037 | _aTextual | ||
| 040 |
_aFEDL _beng _cFEDL |
||
| 041 |
_aeng _2eng |
||
| 084 |
_a301.152, HEI _qFEDL |
||
| 100 |
_aHeintz Ann Christine _9771311 |
||
| 245 | 0 | _aPersuasion | |
| 260 |
_aChicago _bLoyola University Press _c1970 |
||
| 300 | _a224p. | ||
| 650 | _aSociology | ||
| 942 |
_cTEXL _h301.152, HEI |
||
| 999 |
_c1371515 _d1371515 |
||